Fashion Week - Tile Select - Statistics

General Stats
  • This quiz has been taken 110 times
  • The average score is 25 of 36
Answer Stats
Question Tile Select % Correct
Paris Fashion Week Runways Chanel Yes
94%
Paris Fashion Week Runways Dior Yes
91%
London Fashion Week Runways Burberry Yes
89%
Paris Fashion Week Runways DKNY No
88%
London Fashion Week Runways Rolex No
86%
Milan Fashion Week Runways Versace Yes
86%
Paris Fashion Week Runways Louis Vuitton Yes
84%
Paris Fashion Week Runways Swarovski No
84%
Milan Fashion Week Runways Prada Yes
83%
New York Fashion Week Runways Ralph Lauren Yes
83%
London Fashion Week Runways Vivienne Westwood Yes
83%
Milan Fashion Week Runways Giorgio Armani Yes
80%
London Fashion Week Runways Alexander McQueen Yes
79%
Milan Fashion Week Runways Diane von Furstenberg No
79%
London Fashion Week Runways Cartier No
76%
Milan Fashion Week Runways Gucci Yes
76%
Paris Fashion Week Runways Salvatore Ferragamo No
76%
Milan Fashion Week Runways Bottega Veneta Yes
74%
New York Fashion Week Runways Michael Kors Yes
72%
London Fashion Week Runways Coperni No
70%
Milan Fashion Week Runways Céline No
66%
New York Fashion Week Runways Chrome Hearts No
66%
Paris Fashion Week Runways Marc Jacobs No
66%
London Fashion Week Runways Hermès No
65%
New York Fashion Week Runways Tiffany & Co. No
65%
New York Fashion Week Runways Loewe No
64%
Milan Fashion Week Runways Christian Louboutin No
60%
New York Fashion Week Runways Coach Yes
58%
Paris Fashion Week Runways Balenciaga Yes
57%
Paris Fashion Week Runways Schiaparelli Yes
54%
New York Fashion Week Runways Yves Saint Laurent No
53%
London Fashion Week Runways JW Anderson Yes
52%
New York Fashion Week Runways Carolina Herrera Yes
51%
New York Fashion Week Runways Tory Burch Yes
50%
Milan Fashion Week Runways Oscar de la Renta No
47%
London Fashion Week Runways Simone Rocha Yes
26%
No matching quizzes found
Score Distribution
Percent of People with Each Score
Percentile by Number Answered
Your Score History
You have not taken this quiz